| 000 | 00726nam a22001935i 4500 | ||
|---|---|---|---|
| 001 | 166228 | ||
| 003 | ES-MaACL | ||
| 005 | 20230906213304.0 | ||
| 008 | 050914s1864 fr | |||||||| ||fre d | ||
| 040 |
_aCAM _bspa _cCAM |
||
| 100 | 1 |
_aTheil, Napoleon. _9133208 |
|
| 245 | 1 | 0 |
_aGrammaire élémentaire de la langue grecque _b: a l'usage des établissements d'instruction publique / _crédigé sur les meilleurs travaux allemands ... par M. Theil. |
| 250 | _a3e éd. | ||
| 260 |
_aParis : _bLibrairie de Firmin Didot Frères, Fils et C., _c1864. |
||
| 300 |
_aVIII, 296 p. ; _c22 cm. |
||
| 650 | 0 | 4 |
_aLengua griega- _vLibros escolares. _9162874 |
| 710 | 2 |
_aFirmin-Didot. _9134388 |
|
| 852 | 4 |
_aES-MaACL _jB-12495 _z- Enc. hol. |
|
| 999 |
_c166228 _d166228 |
||